[Event "U.S. Masters"]
[Site "Charlotte"]
[Date "2022.11.25"]
[Round "4"]
[White "Escalante Ramirez, Brian Sebastian"]
[Black "Naroditsky, Daniel"]
[Result "0-1"]
[Annotator "Nemcova"]
[WhiteElo "2557"]
[BlackElo "2700"]
[WhiteFideId "-1"]
[BlackFideId "-1"]
[PlyCount "80"]
[GameId "547003854666"]
[EventDate "2022.11.23"]
[EventType "swiss"]
[EventRounds "9"]
[EventCountry "USA"]
[SourceTitle "2025.12"]
[SourceDate "2025.12.01"]
[SourceVersion "1"]
[SourceVersionDate "2025.12.01"]
[SourceQuality "1"]

{I chose this game because it captures the wide range of Danya’s chess abilities — his patience, deep positional understanding, and a sense of when to strike and when to sacrifice. It’s one of those games that is not only instructive, but also a work of art.} 1. e4 c6 2. Nf3 d5 3. exd5 cxd5 4. Ne5 $5 {An interesting idea in this opening. White usually responds with 4.d4 to control the center. However, this early knight jump avoids future pins with ...Bc8-g4 and complicates the development of Black's c8-bishop.} Nc6 (4... f6 $4 {fails tactically to} 5. Qh5+ g6 6. Nxg6 $1 hxg6 7. Qxh8 {.}) 5. d4 a6 $5 {Stopping any pins with Bf1-b5.} ({The main continuation here is} 5... Nf6 {. Daniel was well familiar with this position, as he had it at least seven times with the white pieces against players such as Firouzja, Abdusattorov, and Vachier-Lagrave. For example,} 6. Bb5 Bd7 7. Nxd7 Qxd7 8. c3 e6 9. O-O Bd6 10. Nd2 {and I think White is a little better with the bishop pair. (Naroditsky-Abdusattorov, World Rapid Ch (7), New York 2024)}) 6. c4 e6 7. Nxc6 bxc6 8. Bd3 Bd6 9. O-O Ne7 {A great square for the knight, as Daniel's plan is to challenge the center with ...f7-f6.} (9... Nf6 $6 {is not good here -- the knight will be pinned, both bishops are restricted, and there's no counterplay in the center after} 10. c5 $1 Bc7 11. Bg5 O-O 12. Re1 {.}) ({But} 9... Qh4 $5 {is interesting. White can meet the double attack with} 10. f4 Qf6 11. Be3 Ne7 {and a double-edged position. White has more space and better development but some issues with an awkward e3-bishop. Black will finish development and target the b-file and the central pawns.}) 10. c5 Bc7 11. Nd2 O-O 12. Nf3 (12. f4 $1 {is probably more accurate, preventing central breaks and blunting the c7-bishop. The game will show how powerful such an attack can become. Black might continue} a5 {to activate the c8-bishop and perhaps trade it off via ...Bc8-a6, and after} 13. Nf3 (13. Qe2 Ng6 $1 {and White struggles to finish development}) 13... Ba6 $5 {is risky but there's no win for White:} 14. Bxh7+ $5 Kxh7 15. Ng5+ Kg6 $1 ({not} 15... Kg8 $4 16. Qh5 $18) 16. Qg4 f5 $1 17. Qg3 Kf6 18. Nh7+ Kf7 19. Ng5+ Kf6 20. Nh7+ {with a repetition.}) 12... Ng6 ({The cagey} 12... f6 $5 {might improve, as it stops White from taking a knight on g6 for another move.}) 13. Re1 ({Perhaps continuing development with} 13. Bd2 $5 {is better, and there's a concrete trick: if} f6 $2 14. Bxg6 $1 hxg6 15. Nh4 {and Black is in trouble. A sample line is} Qe8 $6 16. Qc2 Kh7 $6 17. f4 $1 Bd7 18. Rae1 {.}) 13... f6 $1 14. Qc2 ({The immediate} 14. Bxg6 $6 {is a mistake, as after} hxg6 15. Nh4 Qe8 16. Qc2 Kh7 {Black is better with the ...e6-e5 push coming and great diagonals for the bishops.}) 14... Qe8 $5 {Patience is a quality of a master. Daniel does not rush to break in the center but prepares patiently while improving his army first.} (14... e5 {creates complications, but there's no clear advantage after} 15. dxe5 fxe5 16. Bxg6 hxg6 17. Nxe5 Bf5 18. Qc3 Be4 19. f3 Qf6 $1 20. Ng4 Qh4 {.}) 15. h4 $5 {It's easy to look at this position and think White is for choice, with the coming h4-h5 push and a potential kingside attack. But Black is actually totally fine, and now we see how Daniel turned things around.} Kh8 $1 {Prophylaxis, avoiding any checks on h7.} 16. Bd2 Qf7 {Another patient move, inviting White to push the h-pawn. Now Black can double on the f-file and consider the ...e6-e5 push in the center.} 17. h5 $2 {Invitation accepted, but it's a mistake!} Ne7 $1 18. h6 (18. Bxh7 $2 {isn't check, giving Black time for} Qxh5 19. Bd3 g5 20. Re2 Kg7 $1 21. Rae1 Rh8 {.}) 18... g5 $1 {Now an avalanche of pawns rushes towards the white king. The rest of the game is a masterclass in growing initative and understanding pawn structures.} 19. g3 Qh5 $1 20. Kg2 $2 {[#] Inviting the capture of the h6-pawn, but likely overlooking Daniel's different -- and incredibly strong -- tactical idea.} ({After} 20. Nh2 Qxh6 21. b4 Bd7 {White is still worse, but it requires some skill to convert the advantage. Here Black plans ...Qh6-h7 and the ...e6-e5 push.}) 20... e5 $3 {Brilliant! Black advances his e-pawn while creating threats, taking space, and freeing up his light-squared bishop. All the black pieces are suddenly invested in checkmating the white king.} ({Of course} 20... Qxh6 $4 {loses to} 21. Rh1 {.}) 21. Rh1 Qf7 22. Ne1 {Played to avoid the powerful ...e5-e4 fork.} (22. dxe5 $2 {only helps Black to open the f-file.}) 22... e4 $1 {Played anyway!} 23. Be2 f5 $5 {Time to roll! Giving up the g-pawn is a small price to pay for the central pawn wedge.} ({The more conservative} 23... Ng6 {first also makes a lot of sense.}) 24. Bxg5 $2 {[#] White's boldness knows no bounds! Let's see how greed is punished.} f4 $1 25. Bh5 ({Taking another pawn is too much:} 25. gxf4 Ng6 $1 {(no need to recapture immediately!)} 26. Kg1 Bxf4 27. Bxf4 Nxf4 {and with the open g-file the end is near.}) 25... Ng6 26. g4 f3+ $1 {This pawn chain belongs in a museum.} 27. Kf1 a5 $1 {Mixing a tactical mindset with positional play, and shifting from the kingside to the queenside. It is time to improve the placement of pieces, especially the light-squared bishop. The a6–f1 diagonal looks perfect.} 28. Qd2 Ba6+ 29. Kg1 Qe6 $1 {Another quiet hammer blow, removing the queen from a pin to target the g4-pawn and freeing the g6-knight to attack.} 30. Nc2 Nf4 $1 {[#] Everything is in place for the invasion.} 31. Bxf4 ({If White doesn't take the knight, it becomes an attacking force:} 31. Ne3 {If White doesn't take the knight, it will become a major attacking force too.} Ne2+ $1 32. Kf1 Rg8 $1 {(a powerful intermediate move to control the g-file)} 33. Bh4 Ng3+ $1 34. Kg1 Nxh5 $1 {and Black wins.}) 31... Rxf4 $1 32. Ne3 Rg8 $1 {Such piece harmony! Daniel makes attacking chess look effortless.} 33. Rh4 Qxh6 {Now there are two dangerous pins on the h5-bishop and the e3-knight.} 34. Qc1 {[#]} Rfxg4+ $1 {Take a moment to savor this position — the coordination of Black's army is a wonder.} 35. Nxg4 ({Mate is unstoppable after} 35. Rxg4 Rxg4+ (35... Qxh5 {works too}) 36. Nxg4 Qxh5 {.}) 35... Rxg4+ $1 36. Rxg4 (36. Bxg4 Qxh4 {is mate in 3.}) 36... Qxh5 $1 {Black is down two Exchanges, but the bishops rule the board. Mate on h2 is the current threat.} 37. Rg3 ({If} 37. Rf4 Qg5+ 38. Kh1 Qg2#) 37... Bxg3 38. fxg3 f2+ $1 {The final touch of this masterpiece. Now the queen and bishop collaborate to lure the king into mate.} 39. Kxf2 Qh2+ 40. Ke3 ({Or} 40. Ke1 Qe2#) 40... Qxg3+ ({For the record:} 40... Qxg3+ 41. Kd2 Qd3+ 42. Ke1 Qe2#) 0-1

[Event "Blitz"]
[Site "Chess.com"]
[Date "2025.10.18"]
[Round "?"]
[White "DanielNaroditsky"]
[Black "Dr_Tyger"]
[Result "1-0"]
[WhiteElo "3107"]
[BlackElo "3068"]
[WhiteFideId "-1"]
[BlackFideId "-1"]
[PlyCount "65"]
[GameId "547092412420"]
[EventDate "2025.??.??"]
[EventType "blitz"]
[SourceTitle "2025.12"]
[SourceDate "2025.12.01"]
[SourceVersion "1"]
[SourceVersionDate "2025.12.01"]
[SourceQuality "1"]
[TimeControl "180"]

{Seen on his final stream, this brilliant attacking effort is one of Naroditsky's final games.} 1. e4 c5 2. Nf3 Nc6 3. Bb5 Nf6 4. Nc3 Nd4 5. e5 Nxb5 6. Nxb5 Nd5 7. Qe2 a6 8. Nd6+ exd6 9. exd6+ Be7 10. d4 cxd4 11. Bg5 f6 12. Bd2 O-O 13. Qc4 Rf7 14. Qxd5 Bf8 15. O-O-O Qb6 16. Bf4 Qc6 17. Qxd4 b6 18. Rhe1 Bb7 19. Re3 Qb5 20. Rb3 Qf5 21. Rxb6 Bc6 22. Rxc6 dxc6 23. Qc4 c5 24. Be3 Rd8 25. Bxc5 g6 26. b4 Kg7 27. Rd5 Qd7 28. Nd4 Kg8 29. Kb2 f5 30. f4 Bg7 31. Re5 Kf8 32. Ne6+ Kg8 33. Nxd8 1-0